00415nam a2200157 a 45000010005000000030009000050080041000140400028000550820013000831000033000962450017001292600045001463000015001915050019002066500032002252403CO-ViMGA141112s2004 ck r 000 u spa d aCO-ViMGAbspacCO-ViMGA04a107 M6761 aMoses Guzmán, Luis Eduardo10aFilosofia 10 aSantafé de Bogotá : bEducar, c1996 a159 p : il aFilosofía 1014aFILOSOFIA - LIBROS DE TEXTO